[Event "Warren (MCO/2/22)"]
[Site "?"]
[Date "1986.??.??"]
[Round "?"]
[White "Forte, Joe"]
[Black "Maloy, Mickey"]
[Result "1-0"]
[WhiteElo "1955"]
[BlackElo "1605"]
[PlyCount "35"]
[EventDate "1986.??.??"]

{2/(22)} 1. d4 Nf6 2. c4 g6 3. Nc3 Bg7 4. e4 d6 5. f3 O-O 6. Be3 Nbd7 7. Qd2 c5
8. d5 Ne5 9. Be2 a6 10. g4 e6 11. h4 h5 12. Bg5 Qb6 13. O-O-O hxg4 14. fxg4
Nexg4 15. Bxg4 Nxg4 16. h5 exd5 17. Nxd5 Qa7 18. Ne7+ 1-0

[Event "Warren (MCO/5/7)"]
[Site "?"]
[Date "1986.??.??"]
[Round "?"]
[White "Forte, Joe"]
[Black "Koster, Ed"]
[Result "0-1"]
[WhiteElo "1955"]
[BlackElo "2170"]
[PlyCount "100"]
[EventDate "1986.??.??"]

{5/(7)} 1. d4 Nf6 2. c4 g6 3. Nc3 d5 4. cxd5 Nxd5 5. e4 Nxc3 6. bxc3 Bg7 7. Bc4
O-O 8. Ne2 Nc6 9. a3 b6 10. O-O Bb7 11. f3 Na5 12. Ba2 c5 13. Be3 cxd4 14. cxd4
Rc8 15. Rc1 Ba6 16. Kh1 Rxc1 17. Bxc1 Bxd4 18. Qc2 Qc8 19. Qd2 Bg7 20. Rd1 Nc4
21. Qe1 Rd8 22. Ng1 Ne5 23. Rxd8+ Qxd8 24. Be3 Qd3 25. Nh3 Qxa3 26. Bd5 e6 27.
Ba8 Nc4 28. Bg1 Qa1 29. Qh4 Bf6 30. Qf4 Qe5 31. Qc1 Qc7 32. f4 Bb2 33. Qc2 Qd8
34. Qa4 b5 35. Qa2 Ba3 36. Qa1 Qxa8 37. Qf6 Bb2 38. e5 Bb7 39. Qg5 Bc1 40. Bc5
Be3 41. Be7 Nxe5 42. Bf6 Bxg2+ 43. Qxg2 Qxg2+ 44. Kxg2 Nc4 45. Kf3 h6 46. Ke4
a5 47. Kd3 a4 48. Kc3 Bd2+ 49. Kc2 a3 50. Kb3 Bc1 0-1

[Event "Warren (MCO/6/19)"]
[Site "?"]
[Date "1986.??.??"]
[Round "?"]
[White "Forte, Joe"]
[Black "Johnston, R.."]
[Result "1-0"]
[WhiteElo "1955"]
[BlackElo "1745"]
[PlyCount "39"]
[EventDate "1986.??.??"]

{6/(19)} 1. d4 Nf6 2. c4 e6 3. Nc3 Bb4 4. Nf3 b6 5. a3 Bxc3+ 6. bxc3 Bb7 7. e3
d6 8. Be2 Nbd7 9. O-O O-O 10. Nd2 e5 11. Qc2 Re8 12. Nb3 a5 13. a4 Ra7 14. f3
e4 15. f4 Nf8 16. Bd2 N6d7 17. Be1 f5 18. d5 Qf6 19. Nd4 Nc5 20. Nb5 1-0

[Event "Warren (MCO/2/43)"]
[Site "?"]
[Date "1986.??.??"]
[Round "?"]
[White "Foord, Allan"]
[Black "Suess, J.."]
[Result "1-0"]
[WhiteElo "1650"]
[BlackElo "1605"]
[PlyCount "103"]
[EventDate "1986.??.??"]

{2/(43)} 1. e4 e6 2. d4 c6 3. c4 Bb4+ 4. Nd2 Nf6 5. Bd3 g6 6. e5 Nh5 7. a3
Bxd2+ 8. Bxd2 Qb6 9. Bc3 Nf4 10. Be4 Qd8 11. Qd2 Qg5 12. g3 f5 13. exf6 Ng2+
14. Bxg2 Qxd2+ 15. Kxd2 Kf7 16. Re1 Re8 17. f4 d6 18. Nh3 h6 19. d5 Bd7 20.
dxe6+ Bxe6 21. b3 Nd7 22. Nf2 Nc5 23. Kc2 Bf5+ 24. Kb2 Rxe1 25. Rxe1 Re8 26.
Rxe8 Kxe8 27. g4 Be6 28. g5 h5 29. Bd4 Nd7 30. Bxa7 Nc5 31. Bxc5 dxc5 32. Ne4
b6 33. Kc3 Kd7 34. Nf2 Kc7 35. Be4 Bf7 36. f5 gxf5 37. Bxf5 Kd6 38. g6 Be6 39.
Bxe6 Kxe6 40. g7 Kf7 41. h4 b5 42. a4 b4+ 43. Kd3 Kg8 44. a5 Kf7 45. a6 Kg8 46.
a7 Kf7 47. a8=Q Kxf6 48. Qf8+ Ke5 49. Ne4 Ke6 50. g8=Q+ Ke5 51. Qg5+ Ke6 52.
Qgf5# 1-0

[Event "Warren (MCO/1/30)"]
[Site "?"]
[Date "1986.??.??"]
[Round "?"]
[White "Fletcher, G.."]
[Black "Nikolovski, Oliver"]
[Result "0-1"]
[WhiteElo "1605"]
[BlackElo "1930"]
[PlyCount "66"]
[EventDate "1986.??.??"]

{1/(30)} 1. e4 e6 2. d4 d5 3. exd5 exd5 4. Nc3 c6 5. Nf3 Bd6 6. Bd3 Bg4 7. O-O
Ne7 8. Re1 Qc7 9. h3 Bh5 10. Bd2 Nd7 11. a3 h6 12. b4 O-O 13. Re3 Nf6 14. Qe2
Rae8 15. Re1 Qd7 16. b5 g5 17. g4 Nxg4 18. hxg4 Qxg4+ 19. Kf1 Qh3+ 20. Kg1 Qg4+
21. Kf1 Bf4 22. Rb1 Bxe3 23. Bxe3 Qh3+ 24. Ke1 Bxf3 25. Qd2 Nf5 26. Be2 Nxe3
27. fxe3 Qg3+ 28. Kd1 Qg1+ 29. Qe1 Qxe3 30. Rb3 Qxd4+ 31. Qd2 Qg1+ 32. Qe1
Qxe1+ 33. Kxe1 d4 0-1

[Event "Warren (MCO/2/38)"]
[Site "?"]
[Date "1986.??.??"]
[Round "?"]
[White "Fletcher, G.."]
[Black "Murray, David"]
[Result "0-1"]
[WhiteElo "1605"]
[BlackElo "1985"]
[PlyCount "80"]
[EventDate "1986.??.??"]

{2/(38)} 1. e4 e5 2. Nf3 Nc6 3. Bb5 a6 4. Bxc6 dxc6 5. O-O Bg4 6. Nc3 Bc5 7. d3
Qf6 8. Bg5 Bxf3 9. Bxf6 Bxd1 10. Bxg7 Bxc2 11. Bxh8 f6 12. b3 Kf7 13. Rac1 Bxd3
14. Rfd1 Rd8 15. Ne2 Be7 16. Ng3 h5 17. h4 c5 18. Rc3 Bb5 19. Rxd8 Bxd8 20. Nf5
Ne7 21. a4 Bc6 22. Rd3 Bxe4 23. Nh6+ Ke8 24. Re3 f5 25. Bxe5 Nd5 26. Re1 Kd7
27. Rd1 Ke6 28. g3 c6 29. Re1 Ba5 30. Re2 Bf3 31. Bc3+ Bxe2 32. Bxa5 Bd1 33.
Bd2 Bxb3 34. a5 c4 35. f3 c3 36. Bc1 c2 37. g4 Nc3 38. g5 Ne2+ 39. Kf2 Nxc1 40.
g6 Nd3+ 0-1

[Event "Monroe (MI Op/3/19)"]
[Site "?"]
[Date "1986.??.??"]
[Round "?"]
[White "Fletcher, G.."]
[Black "Moody, David"]
[Result "0-1"]
[WhiteElo "1605"]
[BlackElo "2015"]
[PlyCount "28"]
[EventDate "1986.??.??"]

{3/(19)} 1. e4 e5 2. Nf3 Nc6 3. Bb5 a6 4. Bxc6 dxc6 5. O-O Qd6 6. Nc3 Bg4 7. d3
O-O-O 8. Bg5 f6 9. Bd2 Ne7 10. Qe2 g5 11. Qe3 Ng6 12. Qa7 Bxf3 13. gxf3 Nh4 14.
Be3 Qe6 0-1

[Event "Monroe (MI Op/6/27)"]
[Site "?"]
[Date "1986.??.??"]
[Round "?"]
[White "Fletcher, G.."]
[Black "Levadi, David"]
[Result "0-1"]
[WhiteElo "1605"]
[BlackElo "1790"]
[PlyCount "45"]
[EventDate "1986.??.??"]

{6/(27)} 1. e4 e5 2. Nf3 Nf6 3. Nxe5 d6 4. Nf3 Nxe4 5. Qe2 Qe7 6. d3 Nf6 7. Bg5
Nbd7 8. Nc3 c6 9. Ne4 d5 10. Nd6+ Kd8 11. Qxe7+ Kxe7 12. Nf5+ Kd8 13. O-O-O Nb6
14. g4 h6 15. Bf4 Nxg4 16. Nd6 Bxd6 17. Bxd6 Nxf2 18. Re1 Nxh1 19. Be7+ Kc7 20.
Bh4 g5 21. Nxg5 hxg5 22. Bxg5 Be6 23. Re2 0-1

[Event "Monroe (MI Op/5/26)"]
[Site "?"]
[Date "1986.??.??"]
[Round "?"]
[White "Fletcher, G.."]
[Black "Conley, Steve"]
[Result "0-1"]
[WhiteElo "1605"]
[BlackElo "1845"]
[PlyCount "44"]
[EventDate "1986.??.??"]

{5/(26)} 1. e4 e6 2. d4 d5 3. exd5 exd5 4. Nc3 Nf6 5. Bf4 c6 6. Nf3 Be7 7. Bd3
O-O 8. O-O Bg4 9. Re1 Re8 10. Re3 Nbd7 11. Qe2 Nf8 12. Re1 Ne6 13. Be5 Bd6 14.
h3 Bxf3 15. Qxf3 Bxe5 16. Rxe5 Nxd4 17. Bxh7+ Kxh7 18. Qd3+ Kg8 19. Qxd4 Rxe5
20. Qxe5 Qb6 21. Na4 Qb4 22. Qc7 Qxe1+ 0-1

[Event "Warren (MCO/5/53)"]
[Site "?"]
[Date "1986.??.??"]
[Round "?"]
[White "Fletcher, D.."]
[Black "Watkins, David"]
[Result "0-1"]
[WhiteElo "1605"]
[BlackElo "1605"]
[PlyCount "100"]
[EventDate "1986.??.??"]

{5/(53)} 1. e4 Nf6 2. e5 Nd5 3. c4 Nb6 4. c5 Nd5 5. Bc4 e6 6. d4 d6 7. cxd6
cxd6 8. Nf3 dxe5 9. Nxe5 Bd6 10. Qh5 Bxe5 11. Qxe5 Qf6 12. Qxf6 Nxf6 13. Bg5
Nbd7 14. Bb5 O-O 15. O-O h6 16. Bh4 Rd8 17. Bxd7 Rxd7 18. Bxf6 gxf6 19. Rd1 e5
20. Nc3 exd4 21. Nb5 d3 22. Rd2 a6 23. Nc3 Rd4 24. Ne2 Rd6 25. Ng3 Be6 26. Ne4
Rd4 27. Nxf6+ Kf8 28. Rad1 Kg7 29. Nh5+ Kg6 30. Ng3 Rad8 31. b3 b5 32. f3 f5
33. Kf2 a5 34. Nf1 a4 35. bxa4 Rxa4 36. Rxd3 Rxa2+ 37. Kg1 Rxd3 38. Rxd3 b4 39.
Nd2 Ra3 40. Rd6 Kf7 41. Rb6 Rd3 42. Nf1 b3 43. Kf2 Rc3 44. g3 Rc2+ 45. Ke1 b2
46. Kd1 Rc1+ 47. Ke2 Bc4+ 48. Kd2 b1=Q 49. Rxb1 Rxb1 50. Ne3 Be6 0-1

[Event "Kalamazoo (WMUSO/3/4)"]
[Site "?"]
[Date "1986.??.??"]
[Round "?"]
[White "Fischvogt, Eric"]
[Black "Rohland, M.."]
[Result "0-1"]
[WhiteElo "2195"]
[BlackElo "1995"]
[PlyCount "66"]
[EventDate "1986.??.??"]

{3/(4)} 1. e4 e5 2. Nf3 Nc6 3. Bb5 a6 4. Ba4 Nf6 5. O-O Nxe4 6. d4 b5 7. Bb3 d5
8. dxe5 Be6 9. c3 Bc5 10. Nbd2 O-O 11. Bc2 Nxf2 12. Rxf2 f6 13. exf6 Bxf2+ 14.
Kxf2 Qxf6 15. Nf1 Ne5 16. Kg1 Nxf3+ 17. gxf3 Qxf3 18. Qxf3 Rxf3 19. Be3 Bh3 20.
Bd4 Raf8 21. Ng3 h5 22. Bc5 R8f6 23. Re1 g6 24. Be7 R6f4 25. Bb3 c6 26. Bd6 Rf6
27. Be7 Rf7 28. Bc2 Rf2 29. Bxg6 Rg2+ 30. Kh1 Rff2 31. Bf5 Rxh2+ 32. Kg1 Rfg2+
33. Kf1 Rxg3+ 0-1

[Event "Kalamazoo (WMUSO/2/4)"]
[Site "?"]
[Date "1986.??.??"]
[Round "?"]
[White "Fischvogt, Eric"]
[Black "Cummings, J.."]
[Result "1/2-1/2"]
[WhiteElo "2195"]
[BlackElo "1925"]
[PlyCount "104"]
[EventDate "1986.??.??"]

{2/(4)} 1. e4 c6 2. d4 d5 3. exd5 cxd5 4. c4 Nf6 5. Nc3 e6 6. Nf3 dxc4 7. Bxc4
Be7 8. O-O O-O 9. Qe2 a6 10. Bg5 b5 11. Bd3 Nbd7 12. d5 exd5 13. Nd4 Bb7 14.
Nf5 Re8 15. Qf3 Ne5 16. Qg3 Nxd3 17. Qxd3 d4 18. Ne2 Be4 19. Nxe7+ Rxe7 20.
Qxd4 Qxd4 21. Nxd4 Rd7 22. Bxf6 gxf6 23. Nb3 Rc8 24. Rac1 Rxc1 25. Rxc1 Bd5 26.
Rd1 Re7 27. Nc1 a5 28. f3 Be6 29. Rd8+ Kg7 30. Ra8 a4 31. Rb8 Rd7 32. Ne2 Rd2
33. Nc3 Rxb2 34. Rxb5 Rxb5 35. Nxb5 Bxa2 36. Kf2 Be6 37. Ke3 Bd7 38. Na3 Kf8
39. Kd4 Ke7 40. Kc5 h5 41. Kb4 Kd6 42. Nc4+ Ke6 43. Nb6 Bc6 44. Nxa4 Ke5 45.
Nc3 Kd4 46. Ne2+ Ke3 47. Ng3 Kf2 48. Nxh5 Kxg2 49. Nxf6 Kxh2 50. Ng4+ Kg3 51.
Ne5 f6 52. Nxc6 Kxf3 1/2-1/2

[Event "Warren (MCO/3/17)"]
[Site "?"]
[Date "1986.??.??"]
[Round "?"]
[White "Fink, W.."]
[Black "Moody, David"]
[Result "0-1"]
[WhiteElo "1695"]
[BlackElo "2005"]
[PlyCount "74"]
[EventDate "1986.??.??"]

{3/(17)} 1. d4 Nf6 2. Nf3 e6 3. Bg5 c5 4. e3 Qb6 5. b3 Ne4 6. Bd3 Nxg5 7. Nxg5
cxd4 8. exd4 Qxd4 9. Nxf7 Bb4+ 10. Kf1 Rf8 11. c3 Qf6 12. Qf3 Qxf3 13. gxf3
Rxf7 14. cxb4 Rxf3 15. Ke2 Rh3 16. Nc3 Na6 17. Nb5 Ke7 18. a3 d6 19. Rac1 Bd7
20. Nd4 g6 21. Bxa6 bxa6 22. Rc7 e5 23. Nc6+ Ke6 24. Nxa7 Rxb3 25. Ra1 Rf8 26.
Rc2 Rh3 27. Kf1 Rxh2 28. Kg1 Rh3 29. a4 Rf4 30. Kg2 Rhh4 31. Nc6 Rc4 32. Rxc4
Rxc4 33. Nb8 Rxb4 34. Nxa6 Rxa4 35. Nc7+ Kf5 36. Rd1 Rc4 37. Na8 Bc6+ 0-1

[Event "Warren (MCO/4/34)"]
[Site "?"]
[Date "1986.??.??"]
[Round "?"]
[White "Fink, W.."]
[Black "Baptist, A.."]
[Result "1-0"]
[WhiteElo "1695"]
[BlackElo "1605"]
[PlyCount "63"]
[EventDate "1986.??.??"]

{4/(34)} 1. d4 d5 2. Nf3 Nc6 3. c4 Nf6 4. Nc3 e6 5. Bg5 Be7 6. e3 h6 7. Bxf6
Bxf6 8. cxd5 exd5 9. Bb5 O-O 10. Bxc6 bxc6 11. O-O Bg4 12. h3 Bh5 13. g4 Bg6
14. Ne5 Bxe5 15. dxe5 Qe8 16. f4 f5 17. Kh2 Qd7 18. Rg1 Qe6 19. g5 hxg5 20.
Rxg5 Kf7 21. Qf3 Rh8 22. Rag1 Rh6 23. Na4 Qe7 24. Qg2 Rah8 25. Rxg6 Rxh3+ 26.
Qxh3 Rxh3+ 27. Kxh3 Kg8 28. Rxg7+ Qxg7 29. Rxg7+ Kxg7 30. Kh4 Kh6 31. Nc5 a6
32. Ne6 1-0

[Event "Warren (MCO/1/11)"]
[Site "?"]
[Date "1986.??.??"]
[Round "?"]
[White "Finegold, Ron"]
[Black "Wlodarczyk, P.."]
[Result "1-0"]
[WhiteElo "2125"]
[BlackElo "1620"]
[PlyCount "65"]
[EventDate "1986.??.??"]

{1/(11)} 1. Nf3 e6 2. b3 Nf6 3. c4 Nc6 4. g3 d6 5. Bg2 Bd7 6. O-O h6 7. d4 Be7
8. Bb2 O-O 9. Nc3 Rb8 10. e4 Qc8 11. Re1 a6 12. d5 Nd8 13. e5 Ne8 14. Rc1 f6
15. exd6 Nxd6 16. c5 Ne8 17. Ne4 Nf7 18. c6 e5 19. cxd7 Qxd7 20. Nh4 Nh8 21.
Qh5 f5 22. Bh3 Bxh4 23. gxh4 Qxd5 24. Bxf5 Nd6 25. Nxd6 cxd6 26. Red1 Qa5 27.
Rc2 Rf6 28. Qg4 Kf7 29. Bd3 Rd8 30. Rdc1 Rf4 31. Rc7+ Ke8 32. Qe6+ Kf8 33. Qe7+
1-0

[Event "Monroe (RVO/1/13)"]
[Site "?"]
[Date "1986.??.??"]
[Round "?"]
[White "Finegold, Ron"]
[Black "Turner, D.."]
[Result "1-0"]
[WhiteElo "2125"]
[BlackElo "1855"]
[PlyCount "86"]
[EventDate "1986.??.??"]

{1/(13)} 1. Nf3 g6 2. d4 Bg7 3. g3 Nf6 4. Bg2 c5 5. dxc5 Qa5+ 6. c3 Qxc5 7. Be3
Qc7 8. O-O Nc6 9. Na3 O-O 10. Qa4 e5 11. Bc5 d6 12. Nb5 Qd7 13. Bxd6 Rd8 14.
Rad1 Qg4 15. Qxg4 Bxg4 16. h3 Bf5 17. Bxe5 Nxe5 18. Nxe5 Be4 19. Ng4 Bc2 20.
Rxd8+ Rxd8 21. Ne3 Ba4 22. Nd4 Nh5 23. b3 Bc6 24. Nec2 a6 25. Bxc6 bxc6 26.
Nxc6 Rd2 27. N6d4 f5 28. a4 a5 29. Kg2 Nf6 30. c4 Ne4 31. e3 Nc5 32. Re1 Be5
33. Re2 Rd3 34. Ne1 Rd1 35. Nef3 Bc7 36. Nb5 Bb8 37. Rd2 Rxd2 38. Nxd2 Be5 39.
Nd4 Kf7 40. f4 Bc7 41. Kf3 Kf6 42. e4 Kf7 43. exf5 gxf5 1-0

[Event "Monroe (RVO/5/3)"]
[Site "?"]
[Date "1986.??.??"]
[Round "?"]
[White "Finegold, Ron"]
[Black "Thomas, C.."]
[Result "1-0"]
[WhiteElo "2125"]
[BlackElo "2010"]
[PlyCount "62"]
[EventDate "1986.??.??"]

{5/(3)} 1. d4 Nf6 2. c4 g6 3. Nf3 Bg7 4. g3 O-O 5. Bg2 d6 6. O-O Nbd7 7. Nc3
Re8 8. e4 e5 9. d5 h6 10. Ne1 Nf8 11. Nd3 g5 12. f3 Ng6 13. Nf2 Nh7 14. Qc2 h5
15. Be3 b6 16. b4 Bf8 17. a4 a5 18. bxa5 Rxa5 19. Nb5 Bd7 20. Bd2 Ra8 21. a5
bxa5 22. Rxa5 Bxb5 23. cxb5 c5 24. dxc6 Rxa5 25. c7 Qa8 26. Bxa5 Nf6 27. Bd2
Nd7 28. Bxg5 Ne7 29. Bh3 Nb6 30. Bxe7 Rxe7 31. Rb1 Nc8 1-0

[Event "Monroe (MI Op/7/9)"]
[Site "?"]
[Date "1986.??.??"]
[Round "?"]
[White "Finegold, Ron"]
[Black "Thomas, C.."]
[Result "0-1"]
[WhiteElo "2125"]
[BlackElo "2010"]
[PlyCount "82"]
[EventDate "1986.??.??"]

{7/(9)} 1. e4 e6 2. c4 d5 3. exd5 exd5 4. d4 Nf6 5. Nf3 Bb4+ 6. Nc3 O-O 7. c5
Re8+ 8. Be2 b6 9. cxb6 axb6 10. O-O Bxc3 11. bxc3 Ne4 12. Bb2 Bg4 13. h3 Bh5
14. g4 Bg6 15. Kg2 Nd7 16. Bb5 Re6 17. c4 Ndf6 18. Ne5 h5 19. f3 hxg4 20. hxg4
Rxe5 21. dxe5 Nxg4 22. fxg4 Qh4 23. Qf3 Ng5 24. Rh1 Qxh1+ 25. Kxh1 Nxf3 26. Bc6
Ra5 27. Bxd5 Ng5 28. a4 Be4+ 29. Bxe4 Nxe4 30. Bd4 Nc5 31. Ra3 Kf8 32. g5 g6
33. Rf3 Ne6 34. Bc3 Rxa4 35. c5 Nxc5 36. e6 Nxe6 37. Bf6 Rh4+ 38. Kg1 Rg4+ 39.
Kh2 Nxg5 40. Ra3 Ke8 41. Rd3 Ne6 0-1

[Event "Warren (MCO/3/10)"]
[Site "?"]
[Date "1986.??.??"]
[Round "?"]
[White "Finegold, Ron"]
[Black "Nikolovski, Oliver"]
[Result "1/2-1/2"]
[WhiteElo "2125"]
[BlackElo "1930"]
[PlyCount "128"]
[EventDate "1986.??.??"]

{3/(10)} 1. Nf3 f5 2. d4 e6 3. g3 Nf6 4. Bg2 d5 5. O-O Bd6 6. c4 c6 7. c5 Bc7
8. Bf4 Bxf4 9. gxf4 O-O 10. Nc3 Bd7 11. Ne5 Be8 12. f3 Bh5 13. Qd2 Nbd7 14. b4
Nxe5 15. fxe5 Nd7 16. f4 Kh8 17. Bf3 Qh4 18. Kh1 Rg8 19. Qe1 Qxe1 20. Raxe1
Bxf3+ 21. Rxf3 g5 22. fxg5 Rxg5 23. Rg1 Rag8 24. Rfg3 Rxg3 25. Rxg3 Rxg3 26.
hxg3 Kg7 27. Kg2 Kg6 28. e3 Kg5 29. Kh3 a6 30. Ne2 Nf8 31. Nf4 Kh6 32. a4 Kg5
33. Kg2 Kg4 34. Nh3 Ng6 35. Nf2+ Kg5 36. Kf3 h5 37. Nd3 h4 38. gxh4+ Nxh4+ 39.
Kf2 Ng6 40. Kg3 Kh6 41. Nc1 Nh8 42. Kf3 Kg5 43. Nb3 Nf7 44. Ke2 Kg4 45. Na5 Nd8
46. Kd3 Kf3 47. Nb3 Kf2 48. Nd2 Ke1 49. Nb1 Kf2 50. Nc3 Kf3 51. Ne2 Kf2 52. Nc1
Kf3 53. Nb3 Kf2 54. Kd2 Kf3 55. Kd3 Kf2 56. Nd2 Ke1 57. Nf3+ Kf2 58. Nh4 Kg3
59. Ng6 Kf3 60. Nf4 Kf2 61. Kd2 Kf3 62. Nd3 Nf7 63. Nf4 Nd8 64. Kd3 Kf2 1/2-1/2

[Event "Monroe (RVO/3/3)"]
[Site "?"]
[Date "1986.??.??"]
[Round "?"]
[White "Finegold, Ron"]
[Black "Mills, J.."]
[Result "0-1"]
[WhiteElo "2125"]
[BlackElo "2265"]
[PlyCount "56"]
[EventDate "1986.??.??"]

{3/(3)} 1. d4 g6 2. Nf3 Bg7 3. Nc3 Nf6 4. h3 O-O 5. e4 c5 6. d5 d6 7. Bf4 b5 8.
Nd2 Nh5 9. Bg5 b4 10. Ne2 Bxb2 11. Rb1 Bg7 12. g4 Nf6 13. Ng3 h6 14. Be3 e6 15.
Bc4 exd5 16. exd5 Nbd7 17. g5 hxg5 18. Bxg5 Re8+ 19. Kf1 Ne5 20. Bxf6 Bxf6 21.
Be2 Kg7 22. Nde4 Be7 23. f4 f5 24. Nxc5 dxc5 25. fxe5 Bh4 26. Qe1 Kh7 27. Bd3
c4 28. Ne4 Bxe1 0-1

[Event "Monroe (MI Op/5/8)"]
[Site "?"]
[Date "1986.??.??"]
[Round "?"]
[White "Finegold, Ron"]
[Black "Levine, H.."]
[Result "1/2-1/2"]
[WhiteElo "2125"]
[BlackElo "2035"]
[PlyCount "53"]
[EventDate "1986.??.??"]

{5/(8)} 1. e4 e6 2. c4 d5 3. exd5 exd5 4. d4 Nf6 5. Nf3 Bf5 6. Bd3 Bxd3 7. Qxd3
c6 8. O-O Be7 9. c5 a5 10. Nc3 O-O 11. Bf4 Na6 12. h3 b6 13. cxb6 Qxb6 14. Ne5
Rac8 15. Bg5 Rfe8 16. Bxf6 Bxf6 17. Nd7 Qb7 18. Nxf6+ gxf6 19. b3 Re6 20. Rae1
Rce8 21. Re3 Kh8 22. Rg3 Qc8 23. Rg4 Nb4 24. Qf3 Rg8 25. Rc1 Qe8 26. Kh2 Rxg4
27. hxg4 1/2-1/2

[Event "Monroe (MI Op/1a/8)"]
[Site "?"]
[Date "1986.??.??"]
[Round "?"]
[White "Finegold, Ron"]
[Black "Halstead, Kevin"]
[Result "1-0"]
[WhiteElo "2125"]
[BlackElo "1840"]
[PlyCount "29"]
[EventDate "1986.??.??"]

1. g3 Nf6 2. c4 c6 3. Bg2 d5 4. cxd5 cxd5 5. Nf3 Bf5 6. Nc3 h6 7. Qb3 Qd7 8.
Ne5 Qd6 9. Qxb7 Qxe5 10. d4 Qxd4 11. Be3 Qe5 12. Bf4 Qd4 13. Qxa8 Qc5 14. Qxb8+
Bc8 15. Qb5+ 1-0

[Event "Warren (MCO/5/4)"]
[Site "?"]
[Date "1986.??.??"]
[Round "?"]
[White "Finegold, Ron"]
[Black "Farges, Y.."]
[Result "1-0"]
[WhiteElo "2125"]
[BlackElo "2045"]
[PlyCount "95"]
[EventDate "1986.??.??"]

{5/(4)} 1. Nf3 f5 2. d4 Nf6 3. Nc3 b6 4. g3 Bb7 5. Bg2 e6 6. Bg5 Be7 7. O-O O-O
8. Ne1 d5 9. Nd3 Ne4 10. Bd2 Bf6 11. e3 Nd7 12. f3 Nd6 13. f4 Ne4 14. Nxe4 dxe4
15. Ne5 Qe7 16. c4 Bxe5 17. fxe5 c5 18. Qa4 cxd4 19. exd4 a5 20. Be3 Rac8 21.
Rac1 Bc6 22. Qc2 Bb5 23. b3 Ba6 24. a4 Rc7 25. Qd2 Rfc8 26. d5 Qb4 27. Qxb4
axb4 28. dxe6 Nxe5 29. Rxf5 Nd3 30. Rcf1 Bb7 31. Bxb6 Re7 32. Bh3 g6 33. Rf7
Rce8 34. Be3 Ne5 35. Rxe7 Rxe7 36. Bc5 Re8 37. e7 Nf3+ 38. Rxf3 exf3 39. Be6+
Kg7 40. Bd7 Kf7 41. Bxe8+ Kxe8 42. Bxb4 g5 43. g4 Bc6 44. a5 Kd7 45. Bc5 Kc7
46. b4 Be8 47. b5 Kb7 48. a6+ 1-0

[Event "Monroe (MI Op/2/13)"]
[Site "?"]
[Date "1986.??.??"]
[Round "?"]
[White "Finegold, Mark"]
[Black "Smith, Les L"]
[Result "1-0"]
[WhiteElo "2110"]
[BlackElo "1920"]
[PlyCount "83"]
[EventDate "1986.??.??"]

{2/(13)} 1. c4 f5 2. Nf3 Nf6 3. g3 g6 4. Bg2 Bg7 5. O-O O-O 6. d4 e6 7. Nc3 d5
8. Qc2 c6 9. b3 Na6 10. a3 Nc7 11. Rb1 Ne4 12. Rd1 Bd7 13. Bf4 h6 14. b4 g5 15.
Be5 Be8 16. Bxg7 Kxg7 17. Ne5 Bg6 18. Nxe4 dxe4 19. f3 exf3 20. Bxf3 Bh7 21. d5
exd5 22. cxd5 cxd5 23. Qc5 b6 24. Qd4 Qf6 25. Rbc1 Rac8 26. Rc6 Ne6 27. Rxe6
Qxe6 28. Ng4+ Rf6 29. Nxf6 Qxf6 30. Qxd5 Rc7 31. Qd6 Qxd6 32. Rxd6 Bg6 33. Bc6
a5 34. b5 Bf7 35. Kf2 Bc4 36. Rd4 Bb3 37. Rd8 Ba4 38. Rb8 Rxc6 39. bxc6 Bxc6
40. Rxb6 Be8 41. Ke3 a4 42. Kd4 1-0

[Event "Monroe (MI Op/3/9)"]
[Site "?"]
[Date "1986.??.??"]
[Round "?"]
[White "Finegold, Mark"]
[Black "Rogan, M.."]
[Result "1-0"]
[WhiteElo "2110"]
[BlackElo "2060"]
[PlyCount "83"]
[EventDate "1986.??.??"]

{3/(9)} 1. c4 Nf6 2. Nc3 g6 3. g3 Bg7 4. Bg2 O-O 5. e4 d6 6. Nge2 e5 7. d3 c5
8. O-O Nc6 9. a3 Be6 10. h3 Qd7 11. Kh2 Ne8 12. Nd5 f5 13. Nec3 Nf6 14. Nxf6+
Rxf6 15. Nd5 Rf7 16. f3 Raf8 17. Bd2 Nd4 18. Bc3 fxe4 19. dxe4 Bxd5 20. exd5
Qf5 21. Bxd4 exd4 22. h4 Qh5 23. f4 Qxd1 24. Raxd1 Re7 25. Rde1 Rfe8 26. Re6
Rxe6 27. dxe6 Re7 28. g4 d3 29. Rd1 Bxb2 30. Rxd3 Bd4 31. Bd5 Kg7 32. g5 b6 33.
Kg3 Kf8 34. h5 Rg7 35. Kg4 Ke7 36. Rh3 Kd8 37. hxg6 hxg6 38. Rh6 a6 39. Be4 b5
40. Bxg6 bxc4 41. Rh8+ Ke7 42. Re8# 1-0

[Event "Monroe (MI Op/5/9)"]
[Site "?"]
[Date "1986.??.??"]
[Round "?"]
[White "Finegold, Mark"]
[Black "Quigley, L.."]
[Result "1/2-1/2"]
[WhiteElo "2110"]
[BlackElo "2230"]
[PlyCount "51"]
[EventDate "1986.??.??"]

{5/(9)} 1. d4 Nf6 2. Nf3 e6 3. c4 b6 4. Nc3 Bb7 5. g3 Bb4 6. Bg2 Bxc3+ 7. bxc3
d6 8. O-O O-O 9. Ba3 c5 10. Qa4 Qd7 11. Qxd7 Nbxd7 12. Bc1 Rfd8 13. Bf4 Ne8 14.
a4 Rdc8 15. Rfc1 a5 16. Rab1 Bc6 17. Nd2 Bxg2 18. Kxg2 h6 19. g4 Rab8 20. f3 e5
21. Be3 Kf8 22. Ne4 Ndf6 23. Ng3 Ng8 24. Ne4 Ngf6 25. Ng3 Ng8 26. Ne4 1/2-1/2

[Event "Monroe (MI Op/7/4)"]
[Site "?"]
[Date "1986.??.??"]
[Round "?"]
[White "Finegold, Mark"]
[Black "Andrews, Steve"]
[Result "0-1"]
[WhiteElo "2110"]
[BlackElo "2220"]
[PlyCount "64"]
[EventDate "1986.??.??"]

{7/(4)} 1. d4 Nf6 2. Nf3 g6 3. c4 Bg7 4. Nc3 O-O 5. e4 d6 6. Be2 c5 7. O-O Nc6
8. d5 Nb8 9. Ne1 e5 10. Bg5 h6 11. Bxf6 Qxf6 12. Bg4 Nd7 13. Qb3 Qe7 14. Qc2
Nf6 15. Bxc8 Raxc8 16. Rb1 a6 17. Qa4 Rb8 18. b4 cxb4 19. Qxb4 Qc7 20. Nc2 Rfc8
21. Ne3 Nd7 22. a4 b6 23. Qa3 Nc5 24. Rb4 h5 25. Rfb1 Bh6 26. Ncd1 Nxe4 27. a5
bxa5 28. Rxb8 Rxb8 29. Rxb8+ Qxb8 30. Qxa5 Qb1 31. Qd8+ Kg7 32. f4 Bxf4 0-1

[Event "USA-chJ"]
[Site "?"]
[Date "1986.??.??"]
[Round "?"]
[White "Finegold, Ben"]
[Black "Wolff, Patrick G"]
[Result "1/2-1/2"]
[WhiteElo "2280"]
[BlackElo "2370"]
[PlyCount "30"]
[EventDate "1986.??.??"]

1. Nf3 g6 2. d4 Nf6 3. Bg5 Bg7 4. e3 O-O 5. Nbd2 d6 6. Be2 Nbd7 7. O-O h6 8.
Bh4 e5 9. c3 Qe7 10. Ne1 Re8 11. a4 a5 12. Nc2 d5 13. Re1 Nb6 14. dxe5 Qxe5 15.
Nd4 c6 1/2-1/2

[Event "Oakham YM"]
[Site "Oakham"]
[Date "1986.??.??"]
[Round "9"]
[White "Finegold, Ben"]
[Black "Waddingham, Graham A"]
[Result "0-1"]
[WhiteElo "2280"]
[BlackElo "2305"]
[PlyCount "62"]
[EventDate "1986.04.??"]

1. d4 d5 2. c4 e6 3. Nf3 Nf6 4. Nc3 c6 5. Bg5 dxc4 6. e4 b5 7. e5 h6 8. Bh4 g5
9. Nxg5 Nd5 10. Nxf7 Qxh4 11. Nxh8 Bb4 12. Qd2 c5 13. dxc5 Nd7 14. g3 Qh5 15.
Bg2 Bb7 16. O-O O-O-O 17. Qc2 Rxh8 18. Nxb5 Bxc5 19. Qxc4 Kb8 20. b4 Bb6 21.
Nd6 Nxe5 22. Qb3 Ng4 23. h4 Nxf2 24. Nxb7 Kxb7 25. Bf3 Qe5 26. Kh2 Rg8 27.
Bxd5+ exd5 28. Qf3 Rg7 29. Rab1 Ne4 30. Qf4 Bc7 31. Rb3 Qxf4 0-1

[Event "Midwest Masters op"]
[Site "Chicago"]
[Date "1986.??.??"]
[Round "4"]
[White "Finegold, Ben"]
[Black "Shamkovich, Leonid"]
[Result "1/2-1/2"]
[WhiteElo "2280"]
[BlackElo "2435"]
[PlyCount "68"]
[EventDate "1986.??.??"]

1. d4 Nf6 2. c4 g6 3. Nc3 d5 4. Nf3 Bg7 5. Bg5 Ne4 6. cxd5 Nxg5 7. Nxg5 e6 8.
Nf3 exd5 9. e3 O-O 10. Be2 c6 11. O-O Be6 12. Qd2 Nd7 13. Ne1 c5 14. Nc2 c4 15.
b3 cxb3 16. axb3 f5 17. Na4 b6 18. Nb4 Nf6 19. Ba6 Qd6 20. Rfc1 Bd7 21. Nd3
Rfd8 22. Nc3 Ne4 23. Qe2 Nxc3 24. Rxc3 Rab8 25. b4 f4 26. Nxf4 Bxd4 27. exd4
Qxf4 28. Qe7 Qxd4 29. Rac1 b5 30. h3 Qb6 31. Rc7 Qe6 32. Re1 Qxe7 33. Rxe7 Rb6
34. Rxa7 Rd6 1/2-1/2

[Event "Warren (MCO/4/14)"]
[Site "?"]
[Date "1986.??.??"]
[Round "?"]
[White "Finegold, Ben"]
[Black "Proszkow, T.."]
[Result "1-0"]
[WhiteElo "2370"]
[BlackElo "1790"]
[PlyCount "55"]
[EventDate "1986.??.??"]

{4/(14)} 1. e4 d6 2. d4 e6 3. c4 Ne7 4. Nc3 c6 5. f4 g6 6. Nf3 Bg7 7. Be3 O-O
8. Qd2 Qc7 9. Be2 e5 10. dxe5 dxe5 11. Nxe5 Nd7 12. Nf3 Nf6 13. O-O-O Be6 14.
Qd6 Qxd6 15. Rxd6 Ne8 16. Rd2 Bxc3 17. bxc3 Nf6 18. Ng5 Bg4 19. e5 Nf5 20. Bc5
Rfd8 21. exf6 Rxd2 22. Kxd2 Rd8+ 23. Bd4 Bxe2 24. Kxe2 Nxd4+ 25. cxd4 Rxd4 26.
Rd1 Rxd1 27. Kxd1 h6 28. Ne4 1-0